Paroles The Top - Tip Stevens - Statistiques

Statistiques générales
  • Ce quiz a été pris 48 fois
  • Le résultat moyen est 135 sur 182
Statistiques - réponses
Lyrics % Correct
can
100%
I
100%
the
100%
The
100%
You
100%
you
100%
reach
96%
to
96%
top
96%
be
93%
hear
93%
your
89%
in
86%
ocean
86%
on
86%
And
82%
and
82%
Do
82%
I'll
82%
It
82%
it
82%
so
82%
when
82%
all
79%
But
79%
have
79%
them
79%
They
79%
You'll
75%
can't
71%
it's
71%
not
71%
See,
71%
see
71%
is
68%
know
68%
voices
68%
waiting
68%
you're
68%
are
64%
call?
64%
Deep
64%
now
64%
Now
64%
of
64%
tell
64%
son
61%
Till
61%
here
57%
own
57%
don't
54%
how
54%
keep
54%
time
54%
around
50%
home
50%
I'm
50%
light
50%
song
50%
This
50%
alone
46%
comes
46%
face
46%
gone
46%
Just
46%
lead
46%
some
46%
struggle
46%
They'll
46%
turn
46%
Across
43%
dangerous
43%
says
43%
shining
43%
won't
43%
drown
39%
fighting
39%
out
39%
Out
39%
safe
39%
sail
39%
troubles
36%
waves
36%
why
36%
worth
36%
get
32%
place
32%
climb
29%
mountains
29%
taste
29%
day
21%
failed
18%
learnt
14%
calm
11%
Aucun quiz correspondant
Distribution des résultats
% des personnes avec chaque résultat
Percentile par nombre de réponses
Votre historique - résultats
Vous n’avez pas pris ce quiz